Quizzes
Events
Quiz Creation
Community
Videos
Private Events
Remove Ads
Sign In
Join for FREE
Feedback
Dark Mode
Quiz Categories
Sports
Geography
Music
Movies
Television
Just For Fun
Miscellaneous
History
Literature
Language
Science
Gaming
Entertainment
Religion
Holiday
For Kids
Quiz Lab
Recent
Popular Today
Quiz Kudos Today
Editor Picks
Curator Picks
Quizzes by...
Day
Popularity
Type
Ratings
Length
Year
Community
Subscriptions
Recent Discussions
Orange Saloon
Badges
Playlists
Quests
Create
Leaderboards
Showdown
Live 5
Trivia Bingo
Activity
Puzzle Library
Sporcle Events
Private Events
Virtual Trivia
Globe League
Become a Host
Pub Owners
SporcleCon
Opinionation
Our Games
Videos
Blog
Mobile Apps
Partnerships
Remove Ads and Go Orange
Feedback
Sports
Athletes
MLB
NBA
NHL
NFL
Soccer
Sports Teams
WWE
NCAA
Football
Premier League
Basketball
Baseball
Hockey
Golf
Tennis
Cricket
Rugby
Auto Racing
Olympics
World Cup
Sports
Athletes
MLB
NBA
NHL
NFL
Soccer
Sports Teams
WWE
NCAA
Football
Premier League
Basketball
Baseball
Hockey
Golf
Tennis
Cricket
Rugby
Auto Racing
Olympics
World Cup
Random Quiz
Search Sporcle
×
Quiz Lab
Quiz Lab
Sports
Capacity
Type in answers that appear in a list
Type in answers that appear in a list
Classic
Best Score? Go Orange.
British stadiums with a bigger capacity than 38,512 Stats
Can you name the British stadiums with a bigger capacity than St. Jakob-Park?
By
SquawkaFootball
10m
19 Questions
5,351 Plays
5,351 Plays
5,351 Plays
Comments
Comments
Give Quiz Kudos
Give Quiz Kudos
-
- Ratings
hide this ad
Replay
Link that replays current quiz
Next Quiz
Link to next quiz in quiz playlist
You Got
0%
They Got
Avg Score
69%
Avg Friend Score
Upgrade to see
Score Distribution
Jump to the score distribution portion of the page
Score
0/19
Timer
10:00
0
Plays Today
Capacity
Stadium
% Correct
75,731
Old Trafford
97.9%
90,000
Wembley Stadium
97.2%
60,338
Emirates Stadium
93.7%
44,742
Anfield
91.9%
41,841
Stamford Bridge
87.5%
52,404
St James' Park
85.6%
55,097
Etihad Stadium
84.9%
49,000
Stadium of Light
76.6%
40,394
Goodison Park
67.9%
42,573
Villa Park
67.7%
Capacity
Stadium
% Correct
60,411
Celtic Park
63.4%
60,010
Olympic Stadium
63.4%
50,947
Ibrox Stadium
59.8%
82,000
Twickenham Stadium
57.1%
74,500
Millennium Stadium
49.5%
51,866
Hampden Park
48.4%
39,460
Elland Road
46.7%
39,814
Hillsborough Stadium
38%
67,144
Murrayfield Stadium
34.6%
Quiz Playlist
Details
Report
Send in Message
Add To Playlist
Classic:
Type in answers that appear in a list
Last Updated: Feb 16, 2017
Quiz Scoreboard
CHALLENGE
Sign Up to Join the Scoreboard
Show All
Scores
Hide
Comments
May contain spoilers
Recently Published
Billboard Blitz: Fleetwood Mac
by CooCooCachoo
Music
15s
Presidents Visiting Landmarks
by Hejman
History
7m
An Introduction to Baseball
by treessimontrees
Sports
5m
More to Explore
Quiz From the Vault
Featured Blog Post
Where Did the Easter Bunny Come From?
hide this ad
You Might Also Like...
Tags
Bigger
British
Capacity
park
Today's Top Quizzes in Sports
Browse Sports
hide this ad
Today's Top Quizzes in Capacity
Browse Capacity
Top Contributed Quizzes in Sports
1
Les meilleurs buteurs des matchs entre le PSG et l’OM
2
2022 World Cup Stars
3
FIFA Club World Cup Champions
4
Les entraîneurs de l'OM et du PSG au 21e siècle
5
Name the Premier League winners with different clubs
6
5-to-1: UK Sports Teams
7
La finale Lions - Afrique du Sud 2021
8
Criteria MLB: Left Handed Sluggers
9
AFC Teams Reveal (Wrong Answers Minefield)
10
England Test cricketers to play under Nasser Hussain
Explore More
Trending Topics
Kpop
Harry Potter
Crossword
Disney
Marvel
Anime
NBA
Country
Pokémon
Puzzle
Song
Soccer
WWE
NFL
The Office
hide this ad
More By:
SquawkaFootball
Quiz
Plays
Rating
Category
Featured
Created
Barcelona top 25 most expensive signings
100,194
4.00
Sports
Jul 21, 2016
Ballon d'Or top three since 2000
87,688
4.53
Sports
Nov 30, 2015
Premier League record signings
60,346
1.60
Sports
Feb 1, 2017
Top 20 Most Expensive Manchester United Transfers
54,679
4.21
Sports
Jun 27, 2016
Premier League clean sheets
52,574
1.43
Sports
Mar 8, 2020
Go to Creator's Profile
Score Distribution
Quiz Creator Spotlight
SquawkaFootball
Follow
Send a Message
Quizzes Created
-
Created Quiz Play Count
-
More By This Creator
Popular Quizzes Today
1
Find the US States - No Outlines Minefield
2
Find the Countries of Europe - No Outlines Minefield
3
The Countries of the World
4
Find the US States
5
Popular People in 1961
6
US States
7
Risky Map Clicking: Biggest States A-Z
8
Movies - When Are They Set?
More Sports Quizzes
Seven Stars: Chicago Bears Name Match Blitz
Curator's Pick
Trending Quizzes
Risky Map Clicking: Least Populous States A-Z
1-10 Letter G Words
1-10 Letter F Words
Risky Map Clicking: Next State Alphabetically
Risky Map Clicking: Biggest States A-Z
Recently Updated
Leaping Animals
pecheneg
Reality TV Shows (A-Z)
bhenderson79
Rickey Henderson's Hall of Fame Teammates
pecheneg
Champions League XIs: Arsenal
pecheneg
Quick Pick: Celebrities in WWE's Hall of Fame
aduchscher
A-Z Keypad Blitz II
pecheneg
Multiple Oscar Actors
pecheneg
Mystery Phrase Blitz: Oscar 'Best Actors'
pecheneg
F. Scott Fitzgerald Novels
LTH
Pick 3 Villains
ddd62291
Trending Topics
Disney
NBA
Crossword
Kpop
Anime
Harry Potter
Marvel
Puzzle
Song
The Office
Soccer
NFL
Country
Pokémon
WWE
Your Account Isn't Verified!
In order to create a playlist on Sporcle, you need to verify the email address you used during registration. Go to your
Sporcle Settings
to finish the process.
Report this User
Report this user for behavior that violates our
Community Guidelines
.
Details:
Send Report
Go to the Sporcle.com Mobile Site →
Comments